[Event "Snorlax # 28"]
[Site "SchemingMind.com"]
[Date "2009.04.02"]
[Round "-"]
[White "XTC"]
[Black "aadaam"]
[Result "0-1"]
[WhiteCountry "COL"]
[BlackCountry "INT"]
[WhiteElo "1601"]
[WhiteRD "68"]
[BlackElo "1688"]
[BlackRD "47"]
[GameID "199035"]

1. e4 e6 2. d4 d5 3. Nc3 dxe4 4. Nxe4 Be7 5. Nf3 Nf6 6. Bd3 Nbd7 7. O-O Nxe4 8. Bxe4 Nf6 9. Bd3 O-O 10. c3 c5
11. Be3 cxd4 12. Bxd4 a6 13. a3 b5 14. b4 Bb7 15. Re1 Rc8 16. Rc1 Qd5 17. h3 Rfd8 18. Re5 Qc6 19. Re1 Nd5 20. Be4 Qe8
21. Bxd5 Bxd5 22. Nh2 Qc6 23. Qg4 f6 24. Be3 f5 25. Qg3 Bd6 26. Bf4 Bxf4 27. Qxf4 Bxg2 28. h4 Bd5 29. Red1 Qc4 30. Qxc4 Bxc4
31. Rxd8+ Rxd8 32. Nf3 h6 33. Ne5 Rd5 34. Nxc4 bxc4 35. Kg2 e5 36. f3 Kf7 37. Kg3 g5 38. hxg5 hxg5 39. Rc2 Rd3 40. Kg2 Ke6
41. Kf2 f4 42. a4 Kf5 43. b5 g4 44. fxg4+ Kxg4 45. bxa6 Rd6 46. Rb2 Rxa6 47. Rb4 Rc6 48. Rb5 e4 49. Re5 e3+ 50. Ke2 Rd6
51. Re4 Rd2+ 52. Ke1 Kf3 53. a5 Ra2 54. Rxc4 Ra1#
0-1

[Event "Snorlax # 28"]
[Site "SchemingMind.com"]
[Date "2009.04.03"]
[Round "-"]
[White "Zugzwang"]
[Black "XTC"]
[Result "1-0"]
[WhiteCountry "CAN"]
[BlackCountry "COL"]
[WhiteElo "1495"]
[WhiteRD "59"]
[BlackElo "1632"]
[BlackRD "69"]
[GameID "199036"]

1. d4 d5 2. Nf3 Nf6 3. e3 c6 4. Bd3 Bg4 5. c4 e6 6. Qb3 b6 7. cxd5 exd5 8. Nbd2 Be7 9. Ne5 Be6 10. Qa4 b5
11. Qd1 Nbd7 12. O-O Nxe5 13. dxe5 Nd7 14. f4 O-O 15. f5 Bxf5 16. Rxf5 g6 17. Qg4 Kh8 18. Rf3 Nxe5 19. Qh3 Nxf3+ 20. Qxf3 a5
21. e4 dxe4 22. Bxe4 Qd4+ 23. Kf1 Bc5 24. Nb3 Qg1+ 25. Ke2 Rfe8 26. Bh6 f5 27. Rxg1 Rxe4+ 28. Kf1 Bxg1 29. Qc3+ Bd4 30. Nxd4 Kg8
31. Ne6 Ra7 32. Qxc6 Re7 33. Qc8+
1-0

[Event "Snorlax # 28"]
[Site "SchemingMind.com"]
[Date "2009.04.03"]
[Round "-"]
[White "Orhany24"]
[Black "XTC"]
[Result "1-0"]
[WhiteCountry "TUR"]
[BlackCountry "COL"]
[WhiteElo "1752"]
[WhiteRD "69"]
[BlackElo "1601"]
[BlackRD "68"]
[GameID "199037"]

1. e4 e5 2. Nf3 Nc6 3. Bc4 Bc5 4. c3 Nf6 5. d4 exd4 6. cxd4 Bb4+ 7. Bd2 Nxe4 8. Bxb4 Nxb4 9. O-O O-O 10. a3 Nc6
11. d5 Ne7 12. Re1 Nf6 13. Nc3 d6 14. h3 c6 15. Qd2 b5 16. Bb3 a6 17. Rad1 Bb7 18. dxc6 Bxc6 19. Qxd6 Qxd6 20. Rxd6 Rfe8
21. Ne5 Rf8 22. Nxc6 Nxc6 23. Rxc6 h6 24. Nd5 Nxd5 25. Bxd5 a5 26. Rc5 b4 27. Bxa8
1-0

[Event "Snorlax # 28"]
[Site "SchemingMind.com"]
[Date "2009.04.03"]
[Round "-"]
[White "rao"]
[Black "XTC"]
[Result "0-1"]
[WhiteCountry "INT"]
[BlackCountry "COL"]
[WhiteElo "1546"]
[WhiteRD "75"]
[BlackElo "1632"]
[BlackRD "69"]
[GameID "199038"]

1. e4 e5 2. Nf3 Nc6 3. Bc4 Nf6 4. d3 Bc5 5. Bg5 O-O 6. Bd5 d6 7. h3 Bd7 8. Nc3 Bb4 9. a3 Bxc3+ 10. bxc3 h6
11. Bh4 Rb8 12. O-O Na5 13. Nd2 c6 14. Bb3 b5 15. Qf3 g5 16. Bg3 Nxb3
0-1

[Event "Snorlax # 28"]
[Site "SchemingMind.com"]
[Date "2009.04.03"]
[Round "-"]
[White "crespov"]
[Black "XTC"]
[Result "1-0"]
[WhiteCountry "CHI"]
[BlackCountry "COL"]
[WhiteElo "1701"]
[WhiteRD "73"]
[BlackElo "1601"]
[BlackRD "68"]
[GameID "199039"]

1. e4 e5 2. Nf3 Nc6 3. Bc4 Bc5 4. b4 Bxb4 5. c3 Bc5 6. d4 exd4 7. cxd4 Bb6 8. Qb3 Qe7 9. O-O Nxd4 10. Qd3 Nxf3+
11. Qxf3 d6 12. Bb2 f6 13. Nd2 Be6 14. Bd5 Bxd5 15. exd5 O-O-O 16. Rac1 Qf7 17. Nc4 Bc5 18. Ba3 Ne7 19. Bxc5 dxc5 20. Rfd1 Nxd5
21. a4 a6 22. Qg4+ Kb8 23. Rb1 Nb4 24. Qe4 Rxd1+ 25. Rxd1 g6 26. Na5 c6 27. Qe3 c4 28. Qf4+ Qc7 29. Qxf6 Re8 30. Nxc4 b5
31. axb5 axb5 32. Ne3 c5 33. g3 c4 34. Qc3 Nd3 35. Ra1 Qb7 36. Rb1 h5 37. Nxc4 Qd5 38. Ne3 Qd7 39. Qb3 Re5 40. Qg8+ Kc7
41. Qxg6 Qd6 42. Qf7+ Kb6 43. Nc4+
1-0

[Event "Snorlax # 28"]
[Site "SchemingMind.com"]
[Date "2009.04.06"]
[Round "-"]
[White "Joe Daudish"]
[Black "XTC"]
[Result "1-0"]
[WhiteCountry "USA"]
[BlackCountry "COL"]
[WhiteElo "1734"]
[WhiteRD "47"]
[BlackElo "1632"]
[BlackRD "69"]
[GameID "199040"]

1. d4 Nf6 2. Nf3 d5 3. Bf4 e6 4. h3 Nc6 5. e3 Be7 6. c3 O-O 7. Bd3 Nh5 8. Bh2 Nf6 9. O-O Bd6 10. Nbd2 Bxh2+
11. Nxh2 e5 12. dxe5 Nxe5 13. Be2 c6 14. Ndf3 Nxf3+ 15. Bxf3 b6 16. Ng4 Nxg4 17. Bxg4 Ba6 18. Re1 Bc8 19. Bxc8 Rxc8 20. Qd4 Re8
21. Rad1 Re4 22. Qd2 h6 23. Qc2 f5 24. Rd4 c5 25. Rxe4 fxe4 26. Rd1 Rc6 27. Qxe4
1-0

[Event "Snorlax # 28"]
[Site "SchemingMind.com"]
[Date "2009.04.03"]
[Round "-"]
[White "aadaam"]
[Black "XTC"]
[Result "0-1"]
[WhiteCountry "INT"]
[BlackCountry "COL"]
[WhiteElo "1710"]
[WhiteRD "50"]
[BlackElo "1632"]
[BlackRD "69"]
[GameID "199041"]

1. d4 d5 2. c4 e6 3. Nc3 Nf6 4. Bg5 Nbd7 5. e3 c6 6. cxd5 exd5 7. Bd3 Be7 8. Qc2 O-O 9. Nge2 g6 10. O-O Re8
11. f4 Ng4 12. Rf3 Bxg5 13. fxg5 Qxg5 14. Rg3 Rxe3 15. Rxe3 Nxe3
0-1